000 00300nam a2200109Ia 4500
008 220216s9999 xx 000 0 und d
245 0 _aApollo tyres Ltd: Racing up the fast lane with Michelin technology
260 _bRubber Asia
_c2004
300 _a138-143
650 _aTyre technology
942 _cJS
999 _c54341
_d54341